=LDR 00000nam 2200000 4500 =001 INLIS000000000030897 =005 20130612133015 =008 ***********************************ind** =035 ##$$0010-061300000030897 =041 ##$$a ind =082 ##$$a 813 k =090 ##$$a 813 k, Riy t =100 ##$$a Riyanto,Slamet =245 ##$$a The story of, Joko Damar, Slamet Riyanto =260 ##$$a 2008 $b Yogyakarta =300 ##$$a 60 hlm, ilus, 21 cm =650 ##$$a Fiksi Indinesia Kanak-kanak =850 ##$$a NBPNMAT